Library girl / (Record no. 401454)
[ view plain ]
| 000 -LEADER | |
|---|---|
| fixed length control field | 01663pam a2200421 i 4500 |
| 001 - CONTROL NUMBER | |
| control field | 2023033762 |
| 003 - CONTROL NUMBER IDENTIFIER | |
| control field | DLC |
| 005 - DATE AND TIME OF LATEST TRANSACTION | |
| control field | 20241022155948.0 |
| 008 - FIXED-LENGTH DATA ELEMENTS--GENERAL INFORMATION | |
| fixed length control field | 240110s2024 nyu c 000 1 eng |
| 010 ## - LIBRARY OF CONGRESS CONTROL NUMBER | |
| LC control number | 2023033762 |
| 020 ## - INTERNATIONAL STANDARD BOOK NUMBER | |
| International Standard Book Number | 9780823455676 |
| Qualifying information | (hardcover) |
| 040 ## - CATALOGING SOURCE | |
| Original cataloging agency | DLC |
| Language of cataloging | eng |
| Description conventions | rda |
| Transcribing agency | DLC |
| Modifying agency | TnLvILS |
| 042 ## - AUTHENTICATION CODE | |
| Authentication code | pcc |
| -- | cyac |
| 092 ## - LOCALLY ASSIGNED DEWEY CALL NUMBER (OCLC) | |
| Classification number | junior fiction |
| Item number | Horvath |
| 100 1# - MAIN ENTRY--PERSONAL NAME | |
| Personal name | Horvath, Polly, |
| Relator term | author. |
| 9 (RLIN) | 31433 |
| 245 10 - TITLE STATEMENT | |
| Title | Library girl / |
| Statement of responsibility, etc | by Polly Horvath. |
| 250 ## - EDITION STATEMENT | |
| Edition statement | First edition. |
| 264 #1 - Production, Publication, Distribution, Manufacture, and Copyright Notice. | |
| Place of production, publication, distribution, manufacture | New York : |
| Name of producer, publisher, distributor, manufacturer | Margaret Ferguson Books, |
| Date of production, publication, distribution, manufacture, or copyr | 2024. |
| 300 ## - PHYSICAL DESCRIPTION | |
| Extent | 256 pages ; |
| Dimensions | 22 cm. |
| 336 ## - Content Type | |
| Content type term | text |
| 337 ## - Media type | |
| Media type term | unmediated |
| 338 ## - Carrier type | |
| Carrier type term | volume |
| 520 ## - SUMMARY, ETC. | |
| Summary, etc | Eleven-year-old Essie, who was abandoned as a baby and lovingly raised by four librarians, meets a mysterious boy whom she believes is her twin brother, but as she gets to know him better, she discovers nothing is as simple as it seems. |
| 521 ## - TARGET AUDIENCE NOTE | |
| Target audience note | Ages 10-12. |
| Source | Margaret Ferguson Books. |
| 521 ## - TARGET AUDIENCE NOTE | |
| Target audience note | Grades 4-6. |
| Source | Margaret Ferguson Books. |
| 650 #0 - SUBJECT ADDED ENTRY--TOPICAL TERM | |
| Topical term or geographic name as entry element | Abandoned children |
| Form subdivision | Juvenile fiction. |
| 9 (RLIN) | 5709312 |
| 650 #0 - SUBJECT ADDED ENTRY--TOPICAL TERM | |
| Topical term or geographic name as entry element | Twins |
| Form subdivision | Juvenile fiction. |
| 9 (RLIN) | 5674271 |
| 650 #0 - SUBJECT ADDED ENTRY--TOPICAL TERM | |
| Topical term or geographic name as entry element | Siblings |
| Form subdivision | Juvenile fiction. |
| 9 (RLIN) | 6400603 |
| 650 #0 - SUBJECT ADDED ENTRY--TOPICAL TERM | |
| Topical term or geographic name as entry element | Librarians |
| Form subdivision | Juvenile fiction. |
| 9 (RLIN) | 5708904 |
| 650 #0 - SUBJECT ADDED ENTRY--TOPICAL TERM | |
| Topical term or geographic name as entry element | Books and reading |
| Form subdivision | Juvenile fiction. |
| 9 (RLIN) | 5684814 |
| 650 #1 - SUBJECT ADDED ENTRY--TOPICAL TERM | |
| Topical term or geographic name as entry element | Abandoned children |
| Form subdivision | Fiction. |
| 9 (RLIN) | 5685170 |
| 650 #1 - SUBJECT ADDED ENTRY--TOPICAL TERM | |
| Topical term or geographic name as entry element | Twins |
| Form subdivision | Fiction. |
| 9 (RLIN) | 5674236 |
| 650 #1 - SUBJECT ADDED ENTRY--TOPICAL TERM | |
| Topical term or geographic name as entry element | Siblings |
| Form subdivision | Fiction. |
| 9 (RLIN) | 5708994 |
| 650 #1 - SUBJECT ADDED ENTRY--TOPICAL TERM | |
| Topical term or geographic name as entry element | Librarians |
| Form subdivision | Fiction. |
| 9 (RLIN) | 5696227 |
| 650 #1 - SUBJECT ADDED ENTRY--TOPICAL TERM | |
| Topical term or geographic name as entry element | Books and reading |
| Form subdivision | Fiction. |
| 9 (RLIN) | 5684815 |
| 655 #7 - INDEX TERM--GENRE/FORM | |
| Genre/form data or focus term | Bildungsromans. |
| Source of term | lcgft. |
| 9 (RLIN) | 102642 |
| 942 ## - ADDED ENTRY ELEMENTS (KOHA) | |
| Source of classification or shelving scheme | Dewey Decimal Classification |
| Koha item type | BOOK |
| Withdrawn status | Lost status | Source of classification or shelving scheme | Damaged status | Not for loan | Collection code | Home library | Current library | Shelving location | Date acquired | Source of acquisition | Total Checkouts | Total Renewals | Full call number | Barcode | Checked out | Date last seen | Date checked out | Cost, replacement price | Price effective from | Koha item type |
|---|---|---|---|---|---|---|---|---|---|---|---|---|---|---|---|---|---|---|---|---|
| Dewey Decimal Classification | Junior Fiction | Wasatch County Library | Wasatch County Library | Main Floor Junior Area | 10/22/2024 | Micromarketing | 4 | 3 | J Horvath | 34301002134874 | 04/24/2026 | 02/23/2026 | 02/23/2026 | 18.99 | 10/22/2024 | BOOK |
